The Conservation of energy. With an appendix treating of the vital and mental applications of the doctrine
Zapisane w:
| 1. autor: | |
|---|---|
| Format: | Książka |
| Język: | angielski |
| Wydane: |
Londres
Kegan Paul, Trench, & Co., 1 Paternoster Square
1874
|
| Wydanie: | 1a. ed |
| Seria: | International Scientific Series, VII
|
| Hasła przedmiotowe: | |
| Etykiety: |
Dodaj etykietę
Nie ma etykietki, Dołącz pierwszą etykiete!
|
MARC
| LEADER | 00000nam a2200000 a 4500 | ||
|---|---|---|---|
| 001 | UCJ7009 | ||
| 003 | CL-VaPUC | ||
| 008 | 070124e18740000UK |||||||||||||||||eng|d | ||
| 082 | 0 | 4 | |a 503 |b STE |2 21 |
| 100 | 0 | |a Stewart, Balfour |e author |9 514833 | |
| 245 | 1 | 4 | |a The Conservation of energy. With an appendix treating of the vital and mental applications of the doctrine |
| 250 | |a 1a. ed | ||
| 942 | |c BK | ||
| 945 | |d 20070124 00:00:00 |a rinostro | ||
| 260 | |a Londres |b Kegan Paul, Trench, & Co., 1 Paternoster Square |c 1874 | ||
| 650 | 0 | |a Energía |9 259431 | |
| 650 | 0 | |a Mecánica |9 260096 | |
| 650 | 0 | |a Calor |9 260253 | |
| 583 | |a last modification |c 20070124 00:00:00 |k Rodrigo Vera | ||
| 490 | 0 | |a International Scientific Series, VII | |
| 999 | |c 323111 |d 323109 | ||
| 952 | |0 0 |1 0 |4 0 |6 503_000000000000000_STE_1874 |7 0 |8 X |9 402427 |a FDOBUD |b FDOBUD |d 2019-11-22 |i 1020765 |o 503 STE 1874 |p 1020765 |r 2019-11-22 |w 2019-11-22 |y BK_X |k BUD | ||